Financial Reforms, Financial Openness, and Corporate Borrowing : International Evidence /

We study how credit market deregulation and increased international financial openness have changed corporate borrowing. The evidence comes from a large panel of publicly traded firms in 38 countries over the period 1994-2002. Reforms are measured with a comprehensive new index that tracks six separ...

Descripción completa

Detalles Bibliográficos
Autor principal: Detragiache, Enrica
Otros Autores: Agca, Senay, De Nicolo, Gianni
Formato: Revista
Lenguaje:English
Publicado: Washington, D.C. : International Monetary Fund, 2007.
Colección:IMF Working Papers; Working Paper ; No. 2007/186
Acceso en línea:Full text available on IMF
LEADER 02409cas a2200265 a 4500
001 AALejournalIMF009485
008 230101c9999 xx r poo 0 0eng d
020 |c 5.00 USD 
020 |z 9781451867503 
022 |a 1018-5941 
040 |a BD-DhAAL  |c BD-DhAAL 
100 1 |a Detragiache, Enrica. 
245 1 0 |a Financial Reforms, Financial Openness, and Corporate Borrowing :   |b International Evidence /  |c Enrica Detragiache, Gianni De Nicolo, Senay Agca. 
264 1 |a Washington, D.C. :  |b International Monetary Fund,  |c 2007. 
300 |a 1 online resource (47 pages) 
490 1 |a IMF Working Papers 
500 |a <strong>Off-Campus Access:</strong> No User ID or Password Required 
500 |a <strong>On-Campus Access:</strong> No User ID or Password Required 
506 |a Electronic access restricted to authorized BRAC University faculty, staff and students 
520 3 |a We study how credit market deregulation and increased international financial openness have changed corporate borrowing. The evidence comes from a large panel of publicly traded firms in 38 countries over the period 1994-2002. Reforms are measured with a comprehensive new index that tracks six separate dimensions. We find that these transformations have increased leverage and lengthened debt maturity in advanced economies, as expected, suggesting that in these countries corporate credit markets have become deeper. In emerging economies, the picture is more mixed: more international openness has led to more leverage but shorter debt maturity. Financial sector reforms have reduced leverage, while their effects on debt maturity have differed depending on the type of reform. Importantly, the differential impact of openness and reforms on the leverage and debt maturity of firms in advanced and emerging market countries also emerges when we distinguish between firms that are potentially financially constrained and firms that are not. These findings suggest that in emerging economies fundamental institutional weaknesses make it difficult to secure the benefits of international financial openness and domestic financial reforms. 
538 |a Mode of access: Internet 
700 1 |a Agca, Senay. 
700 1 |a De Nicolo, Gianni. 
830 0 |a IMF Working Papers; Working Paper ;  |v No. 2007/186 
856 4 0 |z Full text available on IMF  |u http://elibrary.imf.org/view/journals/001/2007/186/001.2007.issue-186-en.xml  |z IMF e-Library